LEADER 01812oam 2200469M 450 001 9910716414803321 005 20200213070555.1 035 $a(CKB)5470000002522001 035 $a(OCoLC)1065901552 035 $a(OCoLC)995470000002522001 035 $a(EXLCZ)995470000002522001 100 $a20071213d1927 ua 0 101 0 $aeng 135 $aurcn||||||||| 181 $ctxt$2rdacontent 182 $cc$2rdamedia 183 $acr$2rdacarrier 200 10$aAuthorizing certain officers of the Navy to accept decorations and diplomas from Peru and Ecuador. February 2, 1927. -- Committed to the Committee of the Whole House and ordered to be printed 210 1$a[Washington, D.C.] :$c[U.S. Government Printing Office],$d1927. 215 $a1 online resource (1 page) 225 1 $aHouse report / 69th Congress, 2nd session. House ;$vno. 1932 225 1 $a[United States congressional serial set] ;$v[serial no. 8690] 300 $aBatch processed record: Metadata reviewed, not verified. Some fields updated by batch processes. 300 $aFDLP item number not assigned. 606 $aAwards 606 $aMilitary decorations 606 $aNavies$xOfficers 608 $aLegislative materials.$2lcgft 615 0$aAwards. 615 0$aMilitary decorations. 615 0$aNavies$xOfficers. 701 $aCoyle$b William Radford$f1878-1962$pRepublican (PA)$01389105 801 0$bWYU 801 1$bWYU 801 2$bOCLCO 801 2$bOCLCQ 801 2$bOCLCO 801 2$bOCLCQ 906 $aBOOK 912 $a9910716414803321 996 $aAuthorizing certain officers of the Navy to accept decorations and diplomas from Peru and Ecuador. February 2, 1927. -- Committed to the Committee of the Whole House and ordered to be printed$93505713 997 $aUNINA LEADER 01775nam0 2200385 i 450 001 MIL0495562 005 20251003044234.0 010 $a8849501374 020 $aIT$b2002-1441 100 $a20130827d2001 ||||0itac50 ba 101 | $aita 102 $ait 181 1$6z01$ai $bxxxe 182 1$6z01$an 200 1 $aGlobalizzazione: solidarietà o esclusione?$f\relazioni di! M. Abella ... \et al.!$ga cura di Roberto Papini, con la collaborazione di LetiziaPostiglione 210 $aNapoli \etc.!$cEdizioni scientifiche italiane$d\2001! 215 $a418 p.$d24 cm 225 | $aGlobo$v3 300 $aPresentate a un convegno tenuto a Milano nel 1998 300 $aTrad.di vari. 410 0$1001UBO0278858$12001 $aGlobo$v3 606 $aSocietà e sviluppo economico$2FIR$3CFIC000371$9E 606 $aEconomia mondiale$2FIR$3CFIC040544$9E 676 $a330.9049$9SITUAZIONI E CONDIZIONI ECONOMICHE. 1990-1999$v21 702 1$aPapini$b, Roberto$f <1938- >$3CFIV026415 702 1$aAbella$b, Manolo$3MILV249036 801 3$aIT$bIT-000000$c20130827 850 $aIT-BN0095 $aIT-NA0079 $aIT-NA0075 901 $bNAP BN$cMAGAZZINO $nmagazzini correnti divisi per anni 901 $bNAP 01$cPOZZO LIB.$nVi sono collocati fondi di economia, periodici di ingegneria e scienze, periodici di economia e statistica e altri fondi comprendenti documenti di economia pervenuti in dono. 912 $aMIL0495562 950 0$aBiblioteca Centralizzata di Ateneo$c1 v.$d 01POZZO LIB.ECON MON 3523$e 01AR 0700306975E VMA 1 v. (Precedente collocazione: EC (AR) 30 697)$fB $h20140825$i20140825 977 $a 01$a BN$a GE 996 $aGlobalizzazione$9157159 997 $aUNISANNIO